[Event "Arco op 41st"]
[Site "Arco"]
[Date "2019.10.04"]
[Round "1"]
[White "Papa, Angelo"]
[Black "Lang, Alexander"]
[Result "0-1"]
[WhiteElo "1683"]
[BlackElo "2032"]
[PlyCount "58"]
[EventDate "2019.10.04"]
[EventType "swiss"]
[EventRounds "9"]
[EventCountry "ITA"]
[SourceTitle "EXT 2020"]
[Source "ChessBase"]
[SourceDate "2019.10.17"]
[SourceVersion "1"]
[SourceVersionDate "2019.10.17"]
[SourceQuality "1"]

1. d4 d5 2. c4 e6 3. cxd5 exd5 4. Nc3 Nf6 5. Bg5 Be7 6. Qc2 c6 7. e3 Nbd7 8. Bd3 h6 9. Bh4 Nh5 10. Bxe7 Qxe7 11. Nge2 Nb6 12. 0-0-0 Bd7 13. h3 g6 14. g4 Ng7 15. Rdg1 Ne6 16. Nf4 Nxf4 17. exf4 0-0-0 18. Re1 Qf6 19. f5 gxf5 20. gxf5 Qxd4 21. Re7 f6 22. Rg1 Rhg8 23. Rg6 Rh8 24. Kb1 Rde8 25. Nb5 Qf4 26. Qc5 Kd8 27. Rxe8+ Rxe8 28. Qd6 Re1+ 29. Kc2 Rc1+ 0-1

[Event "Bad Wiessee Senioren Cup 8th"]
[Site "Bad Wiessee"]
[Date "2019.05.12"]
[Round "2"]
[White "Papa, Angelo"]
[Black "Bade, Heidrun"]
[Result "1/2-1/2"]
[WhiteElo "1668"]
[BlackElo "1808"]
[PlyCount "35"]
[EventDate "2019.05.11"]
[EventType "swiss"]
[EventRounds "9"]
[EventCountry "GER"]
[SourceTitle "EXT 2020"]
[Source "ChessBase"]
[SourceDate "2019.10.17"]
[SourceVersion "1"]
[SourceVersionDate "2019.10.17"]
[SourceQuality "1"]

1. d4 d5 2. c4 e6 3. cxd5 exd5 4. Nc3 Nf6 5. Bg5 Be7 6. e3 h6 7. Bh4 0-0 8. Bd3 Nbd7 9. Nge2 c6 10. 0-0 Ne4 11. Bxe7 Qxe7 12. Qc2 Ndf6 13. Rae1 Bd7 14. f3 Ng5 15. Ng3 Qd6 16. Nf5 Bxf5 17. Bxf5 Rfe8 18. Qd2 1/2-1/2

[Event "Presolana op 35th"]
[Site "Presolana"]
[Date "2015.08.23"]
[Round "1"]
[White "Papa, Angelo"]
[Black "Di Paolo, Marco"]
[Result "0-1"]
[WhiteElo "1744"]
[BlackElo "1908"]
[PlyCount "48"]
[EventDate "2015.08.23"]
[EventType "swiss"]
[EventRounds "8"]
[EventCountry "ITA"]
[SourceTitle "EXT 2024"]
[Source "ChessBase"]
[SourceDate "2023.10.10"]
[SourceVersion "1"]
[SourceVersionDate "2023.10.10"]
[SourceQuality "1"]

1. d4 Nf6 2. c4 g6 3. Nc3 d5 4. Nf3 Bg7 5. Qb3 dxc4 6. Qxc4 0-0 7. e4 c6 8. Be2 Nbd7 9. 0-0 Nb6 10. Qb4 Be6 11. Rd1 a5 12. Qa3 Qd6 13. Qxd6 exd6 14. Ng5 Bc4 15. Bxc4 Nxc4 16. b3 Nb6 17. Bf4 Rfd8 18. f3 h6 19. Nh3 g5 20. Be3 Re8 21. Rac1 Nbd5 22. Nxd5 cxd5 23. Nf2 dxe4 24. f4 Nd5 0-1

[Event "Bratto op-B 34th"]
[Site "Bratto"]
[Date "2014.08.28"]
[Round "6"]
[White "Gennaro, Isabella"]
[Black "Papa, Angelo"]
[Result "1-0"]
[WhiteElo "1819"]
[BlackElo "1754"]
[PlyCount "95"]
[EventDate "2014.08.23"]
[EventType "swiss"]
[EventRounds "8"]
[EventCountry "ITA"]
[SourceTitle "EXT 2017"]
[Source "ChessBase"]
[SourceDate "2016.10.25"]
[SourceVersion "1"]
[SourceVersionDate "2016.10.25"]
[SourceQuality "1"]

1. e4 g6 2. d4 Bg7 3. Nc3 c6 4. Nf3 d6 5. a4 Nf6 6. Be3 0-0 7. Be2 Qc7 8. 0-0 Bg4 9. Ng5 Bxe2 10. Qxe2 Nbd7 11. f4 e5 12. dxe5 dxe5 13. f5 Rad8 14. a5 h6 15. Nh3 Rfe8 16. Bxa7 Bf8 17. Be3 g5 18. Bxg5 hxg5 19. Nxg5 Bc5+ 20. Kh1 Kf8 21. Qc4 Re7 22. Qxf7+ Rxf7 23. Ne6+ Ke7 24. Nxc7 Rh8 25. h3 Rfh7 26. Rf3 Bd4 27. a6 bxa6 28. Rxa6 Ng4 29. Nd1 Ngf6 30. Rxc6 Nxe4 31. Nd5+ Kd8 32. c3 Bc5 33. Ra6 Kc8 34. b4 Kb7 35. Ra5 Bb6 36. Nxb6 Kxb6 37. Kg1 Rc8 38. Ra3 Rhh8 39. Ne3 Kb7 40. Ng4 Ra8 41. c4 Rxa3 42. Rxa3 Rf8 43. Ne3 Ng3 44. Rd3 Kc8 45. Nd5 Nxf5 46. g4 e4 47. Ra3 e3 48. gxf5 1-0

[Event "Bratto op-B 34th"]
[Site "Bratto"]
[Date "2014.08.25"]
[Round "3"]
[White "Guerini, Silvia"]
[Black "Papa, Angelo"]
[Result "1/2-1/2"]
[WhiteElo "1858"]
[BlackElo "1754"]
[PlyCount "42"]
[EventDate "2014.08.23"]
[EventType "swiss"]
[EventRounds "8"]
[EventCountry "ITA"]
[SourceTitle "EXT 2017"]
[Source "ChessBase"]
[SourceDate "2016.10.25"]
[SourceVersion "1"]
[SourceVersionDate "2016.10.25"]
[SourceQuality "1"]

1. e4 g6 2. d4 Bg7 3. Nc3 c6 4. Nf3 d6 5. h3 Nf6 6. Be3 0-0 7. Bd3 Nbd7 8. Qd2 Qc7 9. Bh6 b5 10. Bxg7 Kxg7 11. a3 a6 12. Qe3 e5 13. dxe5 dxe5 14. 0-0 Re8 15. Nh4 Nf8 16. Nf5+ gxf5 17. Qg5+ Ng6 18. exf5 h6 19. Qg3 Nh5 20. Qg4 Nf6 21. Qg3 Nh5 1/2-1/2

[Event "Milan Befana op-B"]
[Site "Milan"]
[Date "2014.01.03"]
[Round "2"]
[White "Papa, Angelo"]
[Black "Giaretta, Fulvio"]
[Result "1/2-1/2"]
[WhiteElo "1760"]
[BlackElo "1533"]
[PlyCount "55"]
[EventDate "2014.01.02"]
[EventType "swiss"]
[EventRounds "7"]
[EventCountry "ITA"]
[SourceTitle "EXT 2015"]
[Source "ChessBase"]
[SourceDate "2014.11.20"]
[SourceVersion "1"]
[SourceVersionDate "2014.11.20"]
[SourceQuality "1"]

1. d4 Nf6 2. c4 g6 3. Nc3 d5 4. Nf3 Bg7 5. Qb3 c6 6. g3 dxc4 7. Qxc4 Nbd7 8. Bg2 Nb6 9. Qd3 Nfd5 10. 0-0 Nb4 11. Qd1 Bg4 12. a3 Na6 13. e3 e5 14. dxe5 Bxf3 15. Qxf3 0-0 16. Rd1 Qe7 17. Bd2 Qxe5 18. Qe2 Rad8 19. Be1 Nc7 20. Rac1 Qe6 21. Ne4 Na4 22. Bc3 Nxc3 23. Nxc3 Qb3 24. Bf3 Bxc3 25. Rxc3 Qxd1+ 26. Qxd1 Rxd1+ 27. Bxd1 Rd8 28. Bf3 1/2-1/2

[Event "ITA-ch Seniors 34th"]
[Site "Arvier"]
[Date "2012.04.22"]
[Round "9"]
[White "Papa, Angelo"]
[Black "Acunzo, Domenico"]
[Result "0-1"]
[WhiteElo "1852"]
[BlackElo "1717"]
[PlyCount "126"]
[EventDate "2012.04.14"]
[EventType "swiss"]
[EventRounds "9"]
[EventCountry "ITA"]
[SourceTitle "CBM 148 Extra"]
[Source "ChessBase"]
[SourceDate "2012.06.22"]
[SourceVersion "1"]
[SourceVersionDate "2012.06.22"]
[SourceQuality "1"]

1. d4 e6 2. c4 f5 3. g3 Nf6 4. Bg2 d5 5. Nf3 c6 6. 0-0 Bd6 7. b3 Qe7 8. Qc2 0-0 9. Ne5 Nbd7 10. Bb2 Ne4 11. f3 Ng5 12. Nd2 f4 13. Rae1 Nxe5 14. dxe5 Bc5+ 15. Kh1 fxg3 16. e3 Bb6 17. f4 Nf7 18. Rf3 Qh4 19. Rxg3 Nh6 20. Nf3 Qe7 21. Rh3 Bd7 22. Ng5 Rf5 23. Rg3 Raf8 24. Bh3 Be8 25. Bxf5 Nxf5 26. Rh3 Bg6 27. Qg2 d4 28. exd4 Nxd4 29. Bxd4 Bxd4 30. Qg3 Bf5 31. Qh4 h6 32. Nf3 Qxh4 33. Rxh4 Bf2 34. Rf1 Bxh4 35. Nxh4 Be4+ 36. Kg1 g5 37. fxg5 Rxf1+ 38. Kxf1 hxg5 39. Ng2 Bb1 40. c5 Bxa2 41. b4 Kg7 42. Ne3 Kg6 43. Kf2 Kh5 44. Kg3 b6 45. cxb6 axb6 46. Nc2 c5 47. bxc5 bxc5 48. h3 Bd5 49. Ne3 Bb3 50. Ng2 c4 51. Kf2 c3 52. Ke2 c2 53. Kd2 Ba4 54. Kc1 Bc6 55. Ne3 Kh4 56. Kxc2 Kxh3 57. Kd2 g4 58. Ke2 g3 59. Kf1 Kh2 60. Ng4+ Kh1 61. Ne3 g2+ 62. Nxg2 Bxg2+ 63. Kf2 Bd5 0-1

[Event "Milan Crespi op-B 32nd"]
[Site "Milan"]
[Date "2011.12.09"]
[Round "4"]
[White "Coppola, Federico"]
[Black "Papa, Angelo"]
[Result "1-0"]
[WhiteElo "1858"]
[BlackElo "1850"]
[PlyCount "65"]
[EventDate "2011.12.07"]
[EventType "swiss"]
[EventRounds "7"]
[EventCountry "ITA"]
[SourceTitle "EXT 2022"]
[Source "ChessBase"]
[SourceDate "2021.10.06"]
[SourceVersion "1"]
[SourceVersionDate "2021.10.06"]
[SourceQuality "1"]

1. e4 g6 2. d4 Bg7 3. Nc3 c6 4. f4 d5 5. e5 Nh6 6. Nf3 0-0 7. Be2 Bg4 8. Be3 f6 9. Qd2 Nf5 10. Bf2 e6 11. 0-0 Bxf3 12. Bxf3 fxe5 13. dxe5 Nd7 14. Rad1 Bh6 15. g3 Nxe5 16. Bg2 Qd7 17. Qe2 Nf7 18. Ne4 Bg7 19. Nc5 Qe7 20. Qxe6 Qd6 21. Qxd6 N7xd6 22. Ne6 Rf6 23. Nxg7 Nxg7 24. Rfe1 Re6 25. Rxe6 Nxe6 26. Re1 Kf7 27. Re2 b6 28. Be1 Re8 29. Kf2 Nc7 30. b3 Rxe2+ 31. Kxe2 c5 32. Kd3 Ne6 33. Bxd5 1-0

[Event "Arco op 33rd"]
[Site "Arco"]
[Date "2011.10.30"]
[Round "9"]
[White "Sparber, Werner"]
[Black "Papa, Angelo"]
[Result "1/2-1/2"]
[WhiteElo "1788"]
[BlackElo "1848"]
[PlyCount "45"]
[EventDate "2011.10.22"]
[EventType "swiss"]
[EventRounds "9"]
[EventCountry "ITA"]
[SourceTitle "EXT 2012"]
[Source "ChessBase"]
[SourceDate "2011.11.24"]
[SourceVersion "1"]
[SourceVersionDate "2011.11.24"]
[SourceQuality "1"]

1. d4 g6 2. e4 Bg7 3. Nf3 d6 4. Bc4 Nf6 5. Nc3 0-0 6. 0-0 c6 7. Re1 b5 8. Bb3 Qc7 9. e5 dxe5 10. dxe5 Rd8 11. Qe2 Ng4 12. h3 b4 13. Na4 Nh6 14. Nc5 Qb6 15. Rd1 Rxd1+ 16. Qxd1 Na6 17. Ne4 Bf5 18. Be3 Qa5 19. Neg5 Rd8 20. Qe2 Bxe5 21. Bb6 Qxb6 22. Qxe5 Qc5 23. Qe2 1/2-1/2

[Event "Arco op 33rd"]
[Site "Arco"]
[Date "2011.10.29"]
[Round "8"]
[White "Papa, Angelo"]
[Black "De Polzer, Manfredi"]
[Result "1-0"]
[WhiteElo "1848"]
[BlackElo "1706"]
[PlyCount "119"]
[EventDate "2011.10.22"]
[EventType "swiss"]
[EventRounds "9"]
[EventCountry "ITA"]
[SourceTitle "EXT 2012"]
[Source "ChessBase"]
[SourceDate "2011.11.24"]
[SourceVersion "1"]
[SourceVersionDate "2011.11.24"]
[SourceQuality "1"]

1. d4 d5 2. c4 e6 3. cxd5 exd5 4. Nc3 c6 5. Nf3 Nf6 6. Bg5 Be7 7. Qc2 Be6 8. e3 Nbd7 9. Bd3 0-0 10. h3 Re8 11. 0-0 Nf8 12. Rab1 N6d7 13. Bxe7 Qxe7 14. b4 a6 15. a4 b5 16. Rfc1 Rec8 17. a5 Nf6 18. Re1 Rc7 19. e4 Qd7 20. Rbd1 h6 21. Ne5 Qc8 22. Re3 N6d7 23. f4 Nxe5 24. fxe5 Qd8 25. Qf2 Ng6 26. Ne2 Qh4 27. Qxh4 Nxh4 28. Rf1 Ng6 29. Ng3 Rd8 30. Ne2 Nf8 31. Ref3 dxe4 32. Bxe4 Bc4 33. Bd3 Bd5 34. Re3 Ne6 35. Bf5 Bc4 36. Bxe6 Bxe6 37. Kf2 Bc4 38. Rd1 Rcd7 39. Re4 Bd5 40. Rh4 Re8 41. Nc3 Bc4 42. Re4 Kh7 43. Ree1 g5 44. Ne4 Re6 45. Nf6+ Rxf6+ 46. exf6 Be6 47. Ke3 h5 48. Rc1 Rd6 49. Rf1 Kg6 50. Rc5 Bd5 51. Rf2 Rxf6 52. Rxf6+ Kxf6 53. g3 Kf5 54. Rc2 f6 55. Rf2+ Kg6 56. h4 g4 57. Kf4 Bf3 58. Rf1 Bd5 59. Re1 Bc4 60. Re7 1-0

[Event "Arco op 33rd"]
[Site "Arco"]
[Date "2011.10.26"]
[Round "5"]
[White "Kierzek, Mira"]
[Black "Papa, Angelo"]
[Result "1-0"]
[WhiteElo "2023"]
[BlackElo "1848"]
[PlyCount "97"]
[EventDate "2011.10.22"]
[EventType "swiss"]
[EventRounds "9"]
[EventCountry "ITA"]
[SourceTitle "EXT 2012"]
[Source "ChessBase"]
[SourceDate "2011.11.24"]
[SourceVersion "1"]
[SourceVersionDate "2011.11.24"]
[SourceQuality "1"]

1. e4 g6 2. d4 Bg7 3. Nf3 d6 4. h3 Nf6 5. Nc3 c6 6. Be2 0-0 7. 0-0 b5 8. a3 a6 9. Be3 Qc7 10. Qd2 Nbd7 11. Bh6 e5 12. Bxg7 Kxg7 13. Rad1 Bb7 14. Nh2 Rad8 15. f4 Qb6 16. Kh1 c5 17. d5 c4 18. Bf3 Rfe8 19. Rde1 Re7 20. f5 Nc5 21. g4 Ng8 22. Bg2 f6 23. g5 Rf7 24. Ng4 Nd7 25. h4 Rdf8 26. Ne2 fxg5 27. Qxg5 Ndf6 28. Nxf6 Rxf6 29. Ng3 Kh8 30. Qg4 Bc8 31. Qg5 Qd4 32. c3 Qa7 33. fxg6 Rxg6 34. Rxf8 Rxg5 35. hxg5 Bg4 36. Ref1 Qe3 37. Nf5 Qxg5 38. Kg1 Bxf5 39. R8xf5 Qe3+ 40. Kh2 Kg7 41. R1f3 Qd2 42. Rf7+ Kg6 43. Rf2 Qg5 44. R2f5 Qh4+ 45. Bh3 Nf6 46. R7xf6+ Qxf6 47. Rxf6+ Kxf6 48. Bc8 a5 49. Ba6 1-0

[Event "Arco op 33rd"]
[Site "Arco"]
[Date "2011.10.25"]
[Round "4"]
[White "Papa, Angelo"]
[Black "Virzi, Ettore"]
[Result "1/2-1/2"]
[WhiteElo "1848"]
[BlackElo "1951"]
[PlyCount "25"]
[EventDate "2011.10.22"]
[EventType "swiss"]
[EventRounds "9"]
[EventCountry "ITA"]
[SourceTitle "EXT 2012"]
[Source "ChessBase"]
[SourceDate "2011.11.24"]
[SourceVersion "1"]
[SourceVersionDate "2011.11.24"]
[SourceQuality "1"]

1. d4 Nf6 2. c4 g6 3. Nc3 d5 4. cxd5 Nxd5 5. e4 Nxc3 6. bxc3 Bg7 7. Bc4 c5 8. Ne2 0-0 9. 0-0 Nc6 10. Be3 b6 11. Qd2 Na5 12. Bd5 Bb7 13. Bxb7 1/2-1/2

[Event "Arco op 33rd"]
[Site "Arco"]
[Date "2011.10.22"]
[Round "1"]
[White "Knitl, Anton"]
[Black "Papa, Angelo"]
[Result "1/2-1/2"]
[WhiteElo "2188"]
[BlackElo "1848"]
[PlyCount "42"]
[EventDate "2011.10.22"]
[EventType "swiss"]
[EventRounds "9"]
[EventCountry "ITA"]
[SourceTitle "EXT 2024"]
[Source "ChessBase"]
[SourceDate "2023.10.10"]
[SourceVersion "1"]
[SourceVersionDate "2023.10.10"]
[SourceQuality "1"]

1. d4 g6 2. e4 Bg7 3. Nc3 c6 4. Be3 Qb6 5. Rb1 d6 6. h3 Nd7 7. Nf3 Qc7 8. Qd2 Ngf6 9. Bh6 0-0 10. Bxg7 Kxg7 11. Be2 b5 12. b4 Bb7 13. 0-0 a6 14. Rfe1 e5 15. Bf1 Rfe8 16. dxe5 dxe5 17. a4 Rac8 18. Qe3 Nf8 19. Nd2 Ne6 20. Nb3 Qe7 21. Na5 Nd4 1/2-1/2

[Event "Porto San Giorgio op 23rd"]
[Site "Porto San Giorgio"]
[Date "2011.08.23"]
[Round "4"]
[White "Luzi, Alessandro"]
[Black "Papa, Angelo"]
[Result "1/2-1/2"]
[WhiteElo "1920"]
[BlackElo "1848"]
[PlyCount "42"]
[EventDate "2011.08.21"]
[EventType "swiss"]
[EventRounds "9"]
[EventCountry "ITA"]
[SourceTitle "CBM 144 Extra"]
[Source "ChessBase"]
[SourceDate "2011.10.28"]
[SourceVersion "1"]
[SourceVersionDate "2011.10.28"]
[SourceQuality "1"]

1. e4 g6 2. d4 Bg7 3. Nc3 c6 4. Be3 Qb6 5. Rb1 d6 6. Be2 Qc7 7. f4 e5 8. Nf3 Bg4 9. 0-0 Nd7 10. Qd2 Ngf6 11. fxe5 dxe5 12. Nxe5 Bxe2 13. Qxe2 Nxe5 14. dxe5 Qxe5 15. Bf4 Qe6 16. Rbd1 0-0 17. Qf3 Nh5 18. Bd6 Rfd8 19. e5 f5 20. exf6 Nxf6 21. Rfe1 Qg4 1/2-1/2

[Event "Porto San Giorgio op 23rd"]
[Site "Porto San Giorgio"]
[Date "2011.08.22"]
[Round "2"]
[White "Papa, Angelo"]
[Black "Bolog, Iacint"]
[Result "1-0"]
[WhiteElo "1848"]
[BlackElo "1959"]
[PlyCount "121"]
[EventDate "2011.08.21"]
[EventType "swiss"]
[EventRounds "9"]
[EventCountry "ITA"]
[SourceTitle "CBM 144 Extra"]
[Source "ChessBase"]
[SourceDate "2011.10.28"]
[SourceVersion "1"]
[SourceVersionDate "2011.10.28"]
[SourceQuality "1"]

1. d4 d5 2. c4 c6 3. cxd5 cxd5 4. Nc3 e6 5. Nf3 Nc6 6. Bf4 a6 7. e3 h6 8. h3 g5 9. Be5 Nxe5 10. Nxe5 Bg7 11. Qa4+ Bd7 12. Nxd7 Qxd7 13. Bb5 axb5 14. Qxa8+ Ke7 15. Qa3+ Kf6 16. 0-0 Ne7 17. Qc5 Rc8 18. Qxb5 Qxb5 19. Nxb5 Rd8 20. Rfc1 Nc6 21. a3 Na5 22. Rc7 Nb3 23. Rd1 Rb8 24. Kf1 Bf8 25. Rd3 Na5 26. b3 Be7 27. Rdc3 Nc6 28. a4 Bb4 29. Rc1 h5 30. Ke2 Kg6 31. R7xc6 bxc6 32. Rxc6 g4 33. h4 Kf5 34. Kd3 Be1 35. Rc7 Kg6 36. Ke2 Bb4 37. f3 Ba5 38. Rc6 Bb4 39. e4 gxf3+ 40. gxf3 dxe4 41. fxe4 Kg7 42. Kf3 Be1 43. Rc1 Bd2 44. Rc2 Be1 45. Kf4 Kf6 46. e5+ Ke7 47. Rc7+ Kf8 48. Kg5 Kg7 49. Kxh5 Rh8+ 50. Kg5 Bxh4+ 51. Kg4 Bd8 52. Rc8 Rh4+ 53. Kg3 Bg5 54. a5 Rh1 55. a6 Rb1 56. a7 Rxb3+ 57. Rc3 Rxb5 58. a8Q Bd2 59. Rf3 Be1+ 60. Kg4 Rb4 61. Qa7 1-0

[Event "EU-ch Seniors 11th"]
[Site "Courmayeur"]
[Date "2011.04.14"]
[Round "9"]
[White "Gardi, Giuseppe"]
[Black "Papa, Angelo"]
[Result "1/2-1/2"]
[WhiteElo "2061"]
[BlackElo "1866"]
[PlyCount "30"]
[EventDate "2011.04.06"]
[EventType "swiss"]
[EventRounds "9"]
[EventCountry "ITA"]
[SourceTitle "CBM 141 Extra"]
[Source "ChessBase"]
[SourceDate "2011.05.03"]
[SourceVersion "1"]
[SourceVersionDate "2011.05.03"]
[SourceQuality "1"]

1. d4 g6 2. c4 Bg7 3. Nc3 d6 4. e4 Nf6 5. f4 0-0 6. Nf3 c5 7. d5 b5 8. cxb5 a6 9. Bd2 axb5 10. Bxb5 Ba6 11. Qe2 Bxb5 12. Nxb5 Na6 13. 0-0 Qb6 14. a4 Nb4 15. Kh1 Nd7 1/2-1/2

[Event "EU-ch Seniors 11th"]
[Site "Courmayeur"]
[Date "2011.04.06"]
[Round "1"]
[White "Papa, Angelo"]
[Black "Khmiadashvili, Tamari"]
[Result "0-1"]
[WhiteElo "1866"]
[BlackElo "2194"]
[PlyCount "60"]
[EventDate "2011.04.06"]
[EventType "swiss"]
[EventRounds "9"]
[EventCountry "ITA"]
[SourceTitle "CBM 141 Extra"]
[Source "ChessBase"]
[SourceDate "2011.05.03"]
[SourceVersion "1"]
[SourceVersionDate "2011.05.03"]
[SourceQuality "1"]

1. d4 e6 2. Nf3 b6 3. e3 Bb7 4. Bd3 f5 5. 0-0 Nf6 6. c4 Ne4 7. a3 Qf6 8. Nc3 Nxc3 9. bxc3 Bd6 10. Re1 0-0 11. e4 fxe4 12. Bxe4 Bxe4 13. Rxe4 Nc6 14. Ra2 Qg6 15. Rh4 Rxf3 16. Qxf3 Qb1 17. g3 Qxc1+ 18. Kg2 Qb1 19. Re2 Rf8 20. Qe4 Qxe4+ 21. Rexe4 Bxa3 22. d5 Nd8 23. f4 Bb2 24. g4 a5 25. f5 exf5 26. gxf5 Nb7 27. f6 Rxf6 28. Rhg4 Kf7 29. Re2 Bxc3 30. Rge4 Bb4 0-1

[Event "Milan Crespi op-B 31th"]
[Site "Milan"]
[Date "2010.12.05"]
[Round "3"]
[White "Alidosi, Marco"]
[Black "Papa, Angelo"]
[Result "1/2-1/2"]
[WhiteElo "1811"]
[BlackElo "1823"]
[PlyCount "95"]
[EventDate "2010.12.04"]
[EventType "swiss"]
[EventRounds "7"]
[EventCountry "ITA"]
[SourceTitle "EXT 2024"]
[Source "ChessBase"]
[SourceDate "2023.10.10"]
[SourceVersion "1"]
[SourceVersionDate "2023.10.10"]
[SourceQuality "1"]

1. d4 g6 2. Nf3 Bg7 3. Bf4 d6 4. h3 Nd7 5. e3 e5 6. dxe5 dxe5 7. Bg5 Ngf6 8. Nbd2 0-0 9. Bc4 h6 10. Bh4 g5 11. Bg3 Qe7 12. c3 c6 13. Qe2 b5 14. Bb3 a5 15. Nh2 Ba6 16. h4 Nd5 17. hxg5 Qxg5 18. c4 bxc4 19. Bxc4 Bxc4 20. Nxc4 Rfe8 21. Nf1 Nf4 22. Bxf4 exf4 23. g3 fxe3 24. Nfxe3 Rab8 25. Kf1 Qg6 26. Qd2 Nc5 27. Qxa5 Qd3+ 28. Kg2 Rb5 29. Qc7 Qe4+ 30. Kh2 Qf3 31. Qf4 Qxf4 32. gxf4 Rb4 33. Kg2 Nd3 34. Kf3 Kh7 35. Rad1 Nxb2 36. Nxb2 Rxb2 37. Rd6 Rxa2 38. Rxc6 Ra3 39. Kg2 Re6 40. Rc7 Rg6+ 41. Kf3 Rf6 42. Rc4 Rfa6 43. Rc7 Ra7 44. Rc6 R3a6 45. Rc4 Rd7 46. Rh2 Ra3 47. Kg4 Ra6 48. Kf3 1/2-1/2

[Event "Milan Crespi op-B 31th"]
[Site "Milan"]
[Date "2010.12.05"]
[Round "2"]
[White "Papa, Angelo"]
[Black "Monticone, Sonia"]
[Result "1/2-1/2"]
[WhiteElo "1823"]
[BlackElo "1827"]
[PlyCount "44"]
[EventDate "2010.12.04"]
[EventType "swiss"]
[EventRounds "7"]
[EventCountry "ITA"]
[SourceTitle "EXT 2024"]
[Source "ChessBase"]
[SourceDate "2023.10.10"]
[SourceVersion "1"]
[SourceVersionDate "2023.10.10"]
[SourceQuality "1"]

1. d4 d5 2. Nf3 Nf6 3. c4 c6 4. cxd5 cxd5 5. Nc3 e6 6. Bf4 Bd6 7. Bxd6 Qxd6 8. e3 0-0 9. Bd3 Nbd7 10. 0-0 b6 11. Rc1 Bb7 12. Nb5 Qe7 13. Rc7 Rab8 14. Nxa7 Ne8 15. Rc3 Ra8 16. Ra3 Nd6 17. Qb3 e5 18. dxe5 Nxe5 19. Nxe5 Qxe5 20. Rc1 Nc4 21. Bxc4 dxc4 22. Qxc4 Qxb2 1/2-1/2

[Event "Milan Crespi op-B 31th"]
[Site "Milan"]
[Date "2010.12.04"]
[Round "1"]
[White "Velluti, Alberto"]
[Black "Papa, Angelo"]
[Result "1-0"]
[WhiteElo "1947"]
[BlackElo "1823"]
[PlyCount "71"]
[EventDate "2010.12.04"]
[EventType "swiss"]
[EventRounds "7"]
[EventCountry "ITA"]
[SourceTitle "EXT 2024"]
[Source "ChessBase"]
[SourceDate "2023.10.10"]
[SourceVersion "1"]
[SourceVersionDate "2023.10.10"]
[SourceQuality "1"]

1. e4 g6 2. d4 Bg7 3. Nc3 c6 4. Be3 Qb6 5. Rb1 d6 6. Nf3 Nf6 7. h3 Qc7 8. Be2 Nbd7 9. 0-0 0-0 10. Qd2 b5 11. Bd3 Bb7 12. Rbe1 e5 13. Bh6 Rfe8 14. dxe5 Nxe5 15. Nxe5 dxe5 16. Bg5 a6 17. Qe3 Rac8 18. Rd1 Nd7 19. a3 Nf8 20. Be2 f6 21. Bh4 Rcd8 22. Bg4 h5 23. Bf3 Ne6 24. Ne2 c5 25. Nc3 Nd4 26. Ne2 Nxc2 27. Qb3+ c4 28. Qxc2 Bc8 29. Nc3 g5 30. Bg3 g4 31. hxg4 hxg4 32. Be2 Qf7 33. Rxd8 Rxd8 34. Rd1 Rxd1+ 35. Qxd1 Be6 36. Bxg4 1-0